000 00635nam a2200229 a 4500
001 BRCA_5925
005 20190320205251.0
008 220311s1907----fr-#######---#000-0#eng-#
041 _aeng
044 _afr
050 4 _aHG61
_b.A55
_c1907
245 1 0 _aAlmanach financier: guide des rentiers et capitalistes.
260 _aParis
_bJournal Financier
_c1907
300 _a958 p.
_c15 cm.
500 _aLa Biblioteca tiene 40a. ed., 1907 y 46a. ed. 1913.
500 _aVer tambiƩn H163
500 _aH155
650 1 4 _aFinanzas
_vAnuarios
_914973
740 0 _aInicio de la publicación: 1867
902 _aGFM
942 _2lcc
_cB
999 _c5614
_d5614